[Event "CZE-tht Extraliga 2018-19"]
[Site "Czech Republic"]
[Date "2019.01.13"]
[Round "6"]
[White "Suran, Jan"]
[Black "Neuman, Petr"]
[Result "1/2-1/2"]
[WhiteElo "2408"]
[BlackElo "2428"]
[Annotator "TA"]
[PlyCount "37"]
[EventDate "2018.11.03"]
[EventType "team-tourn"]
[EventCountry "CZE"]
[SourceTitle "playchess.com"]
[Source "ChessBase"]
[SourceQuality "1"]
[WhiteTeam "Lysa nad Labem"]
[BlackTeam "Pardubice"]

{[%evp 20,30,0,-15,0,-13,0,0,0,0,4,8,34]} 1. e4 c5 2. Nf3 d6 3. d4 cxd4 4. Nxd4 Nf6 5. Nc3 Nc6 6. Bc4 Qb6 7. Nde2 e6 8. O-O a6 9. Bb3 Be7 10. Bg5 Qc7 {B57: Classical Sicilian: Sozin with 6...Qb6} 11. Ng3 {LiveBook: 12 Games. The position is equal.} h6 {[%cal Bh7h6,Bh6h5,Bh5h4][%mdl 32]} 12. Be3 (12. Bxf6 Bxf6 13. Nh5 Be5 14. f4 Bd4+ 15. Kh1 g6 16. Ne2 Bxb2 17. Rb1 gxh5 18. Rxb2 {0-1 (41) Reeh,O (2453)-Edouard,R (2608) Germany 2011}) 12... h5 13. h3 h4 14. Nge2 b5 15. Nd4 Na5 {Predecessor:} 16. Qd3 $146 Nxb3 17. cxb3 b4 18. Na4 Qb7 19. Rfc1 {0-1 (61) Santero,E-Garcia,R Buenos Aires 1972} 1/2-1/2

[Event "CZE-tht Extraliga 2018-19"]
[Site "Czech Republic"]
[Date "2019.01.13"]
[Round "6"]
[White "Vlasak, Lukas"]
[Black "Kuba, Jindrich"]
[Result "1-0"]
[WhiteElo "2401"]
[BlackElo "2320"]
[Annotator "NA"]
[PlyCount "93"]
[EventDate "2018.11.03"]
[EventType "team-tourn"]
[EventCountry "CZE"]
[SourceTitle "playchess.com"]
[Source "ChessBase"]
[SourceQuality "1"]
[WhiteTeam "Turnov"]
[BlackTeam "Siesta B"]
[TimeControl "40/5400+30:1800+30"]

1. d4 {[%emt 0:00:00]} Nf6 {[%emt 0:00:00]} 2. Nf3 {[%emt 0:00:00]} e6 {[%emt 0:00:00]} 3. Bf4 {[%emt 0:00:16]} d5 {[%emt 0:00:23]} 4. e3 {[%emt 0:00:11]} Nbd7 {[%emt 0:01:29]} 5. Nbd2 {[%emt 0:03:07]} Be7 {[%emt 0:00:19]} 6. Bd3 {[%emt 0:05:52]} Nh5 {[%emt 0:00:43]} 7. Be5 {[%emt 0:00:15]} Nxe5 {[%emt 0:00:52]} 8. dxe5 {[%emt 0:01:30]} g6 {[%emt 0:00:06]} 9. c3 {[%emt 0:21:00]} c5 {[%emt 0:06:15]} 10. g4 {[%emt 0:07:56]} Ng7 {[%emt 0:00:11]} 11. h3 {[%emt 0:00:07]} Bd7 {[%emt 0:00:34]} 12. Qe2 {[%emt 0:00:57]} Qb6 {[%emt 0:02:04]} 13. O-O-O {[%emt 0:01:39]} O-O-O {[%emt 0:02:31]} 14. h4 {[%emt 0:02:39]} h5 {[%emt 0:00:18]} 15. Ng5 {[%emt 0:00:17]} Rdf8 {[%emt 0:04:04]} 16. gxh5 {[%emt 0:11:45]} Nxh5 {[%emt 0:00:41]} 17. Rdg1 {[%emt 0:06:09]} Qc7 {[%emt 0:03:45]} 18. Nxf7 {[%emt 0:09:16]} Rxf7 {[%emt 0:00:09]} 19. Bxg6 {[%emt 0:00:06]} Rff8 {[%emt 0:00:04]} 20. Bxh5 {[%emt 0:00:48]} Qxe5 {[%emt 0:00:03]} 21. Bg4 {[%emt 0:01:30]} Qf6 {[%emt 0:00:31]} 22. f4 {[%emt 0:01:57]} Rxh4 {[%emt 0:03:10]} 23. Rxh4 {[%emt 0:00:48]} Qxh4 {[%emt 0:00:01]} 24. Nf3 {[%emt 0:00:15]} Qh6 {[%emt 0:01:42]} 25. Ne5 {[%emt 0:02:58]} Be8 {[%emt 0:00:06]} 26. Qf3 {[%emt 0:11:01]} Kb8 {[%emt 0:05:03]} 27. Rh1 {[%emt 0:03:01]} Qg7 {[%emt 0:03:13]} 28. Qh3 {[%emt 0:05:14]} Bd6 {[%emt 0:01:15]} 29. Qh6 {[%emt 0:01:25]} Bxe5 {[%emt 0:13:44]} 30. Qxe6 {[%emt 0:00:12]} Bc6 {[%emt 0:02:53]} 31. Qxe5+ {[%emt 0:01:18]} Qxe5 {[%emt 0:00:01]} 32. fxe5 {[%emt 0:00:12]} Re8 {[%emt 0:00:03]} 33. Rh5 {[%emt 0:01:10]} Rg8 {[%emt 0:00:53]} 34. Rh4 {[%emt 0:00:58]} Re8 {[%emt 0:00:13]} 35. e6 {[%emt 0:00:53]} Kc7 {[%emt 0:00:05]} 36. b4 {[%emt 0:00:27]} Kd6 {[%emt 0:01:50]} 37. Kd2 {[%emt 0:00:21]} b6 {[%emt 0:02:18]} 38. Rh7 {[%emt 0:00:30]} Re7 {[%emt 0:00:22]} 39. bxc5+ {[%emt 0:00:21]} bxc5 {[%emt 0:00:03]} 40. Rh6 {[%emt 0:00:34]} Bb7 {[%emt 0:01:08]} 41. Rh8 {[%emt 0:03:17]} Kc7 {[%emt 0:00:00]} 42. Bh3 {[%emt 0:09:30]} Bc8 {[%emt 0:00:25]} 43. Rh6 {[%emt 0:00:25]} Kd6 {[%emt 0:00:05]} 44. c4 {[%emt 0:00:16]} Bxe6 {[%emt 0:05:31]} 45. Kc3 {[%emt 0:01:28]} dxc4 {[%emt 0:01:45]} 46. a4 {[%emt 0:03:06]} Kd7 {[%emt 0:00:54]} 47. Rxe6 {[%emt 0:00:09]} 1-0

[Event "CZE-tht Extraliga 2018-19"]
[Site "Czech Republic"]
[Date "2019.01.13"]
[Round "6"]
[White "Bures, Jaroslav"]
[Black "Wiewiora, Eneasz"]
[Result "1/2-1/2"]
[WhiteElo "2388"]
[BlackElo "2354"]
[Annotator "NA"]
[PlyCount "41"]
[EventDate "2018.11.03"]
[EventType "team-tourn"]
[EventCountry "CZE"]
[SourceTitle "playchess.com"]
[Source "ChessBase"]
[SourceQuality "1"]
[WhiteTeam "Poruba"]
[BlackTeam "Cesky Tesin"]
[TimeControl "40/5400+30:1800+30"]

1. e4 {[%emt 0:00:00]} e5 {[%emt 0:00:00]} 2. Nf3 {[%emt 0:00:00]} Nc6 {[%emt 0:00:00]} 3. Bb5 {[%emt 0:00:00]} f5 {[%emt 0:00:00]} 4. d3 {[%emt 0:01:18]} fxe4 {[%emt 0:01:59]} 5. dxe4 {[%emt 0:00:04]} Nf6 {[%emt 0:00:01]} 6. Qd3 {[%emt 0:02:10]} Bc5 {[%emt 0:07:51]} 7. Nc3 {[%emt 0:01:02]} d6 {[%emt 0:04:15]} 8. Nd5 {[%emt 0:08:33]} O-O {[%emt 0:27:01]} 9. Bg5 {[%emt 0:01:00]} Nb4 {[%emt 0:17:51]} 10. Nxf6+ {[%emt 0:33:25]} Qxf6 {[%emt 0:02:19]} 11. Qc4+ {[%emt 0:00:01]} Qf7 {[%emt 0:04:23]} 12. Be3 {[%emt 0:08:36]} Be6 {[%emt 0:04:26]} 13. Qe2 {[%emt 0:03:05]} Bxe3 {[%emt 0:00:08]} 14. fxe3 {[%emt 0:00:02]} h6 {[%emt 0:04:18]} 15. O-O {[%emt 0:03:37]} Qe7 {[%emt 0:03:17]} 16. a3 {[%emt 0:04:13]} Nc6 {[%emt 0:00:11]} 17. Rf2 {[%emt 0:00:15]} Rf6 {[%emt 0:02:18]} 18. Raf1 {[%emt 0:01:10]} a6 {[%emt 0:14:32]} 19. Bc4 {[%emt 0:01:57]} Bxc4 {[%emt 0:00:18]} 20. Qxc4+ {[%emt 0:00:07]} Qf7 {[%emt 0:00:09]} 21. Qxf7+ {[%emt 0:07:02]} 1/2-1/2

[Event "CZE-tht Extraliga 2018-19"]
[Site "Czech Republic"]
[Date "2019.01.13"]
[Round "6"]
[White "Molenda, Marcin"]
[Black "Kempinski, Robert"]
[Result "1/2-1/2"]
[WhiteElo "2388"]
[BlackElo "2576"]
[Annotator "TA"]
[PlyCount "54"]
[EventDate "2018.11.03"]
[EventType "team-tourn"]
[EventCountry "CZE"]
[SourceTitle "playchess.com"]
[Source "ChessBase"]
[SourceQuality "1"]
[WhiteTeam "Cesky Tesin"]
[BlackTeam "Poruba"]

{[%evp 9,54,-12,-13,-16,24,19,16,20,27,36,39,32,27,18,26,25,27,25,25,25,26,37,84,58,60,51,58,57,74,70,98,74,118,110,106,82,79,69,84,47,71,50,49,34,37,33,36]} 1. d4 Nf6 2. c4 b6 3. f3 Nc6 4. d5 (4. Nc3 e5 5. d5 Ne7 6. e4 Ng6 7. Nge2 Bc5 8. a3 a5 9. Rb1 O-O 10. b4 Be7 11. Be3 {0-1 (46) Volkov,S (2580)-Rakhmanov,A (2627) Yaroslavl 2018}) 4... Ne5 5. Qd4 Ng6 6. e4 {A50: Queen's Fianchetto Defence (1 d4 Nf6 2 c4 b6)} e5 7. Qf2 Bc5 8. Be3 {The position is equal.} Bxe3 $146 ({Predecessor:} 8... d6 9. Bxc5 bxc5 10. Nc3 Rb8 11. g3 {1-0 (58) Socko,M (2458)-Kiolbasa,O (2244) Sharjah 2018}) 9. Qxe3 d6 10. Nc3 a6 11. g3 Bd7 12. Bd3 c6 13. dxc6 Bxc6 14. Nge2 Rb8 15. a4 a5 16. b3 Nd7 17. Bc2 Nc5 18. O-O-O Qe7 19. f4 {[%cal Bf3f4,Bf4f5][%mdl 32]} Nf8 {[%cal Bg6f8,Bf8e6,Be6c7,Bc7a6,Ba6b4][%mdl 32]} 20. Rd2 Nfe6 21. Rhd1 Rd8 22. f5 Nc7 23. g4 h6 24. Ng3 f6 25. h4 N7a6 {White is slightly better.} 26. Kb2 Nb4 27. Bb1 Rd7 {Precision: White = 86%, Black = 56%.} 1/2-1/2

[Event "CZE-tht Extraliga 2018-19"]
[Site "Czech Republic"]
[Date "2019.01.13"]
[Round "6"]
[White "Mrazek, Lumir"]
[Black "Kanovsky, David"]
[Result "1/2-1/2"]
[WhiteElo "2379"]
[BlackElo "2425"]
[Annotator "TA"]
[PlyCount "70"]
[EventDate "2018.11.03"]
[EventType "team-tourn"]
[EventCountry "CZE"]
[SourceTitle "playchess.com"]
[Source "ChessBase"]
[SourceQuality "1"]
[WhiteTeam "Cesky Tesin"]
[BlackTeam "Poruba"]

{[%evp 19,70,22,38,-3,-12,-12,0,0,0,-41,-31,-43,-42,-94,-63,-81,-98,-138,-142,-170,-109,-104,-118,-115,-68,-225,-229,-244,-242,-226,-224,-214,-193,-192,-190,-748,-747,-733,-222,-258,-114,-130,0,-253,0,-132,0,-242,0,-160,0,-225,0]} 1. e4 e6 2. d4 d5 3. Nc3 Bb4 4. a3 Bxc3+ 5. bxc3 dxe4 6. Qg4 Nf6 7. Qxg7 Rg8 8. Qh6 Nbd7 9. Ne2 b6 10. Ng3 Bb7 {LiveBook: 26 Games. C15: French: 3 Nc3 Bb4: Unusual White 4th moves} 11. Bb2 (11. Bg5 Rg6 12. Qh4 h6 13. Bxh6 Rg4 14. Qh3 Rg8 15. Bd2 Qe7 16. Qh4 O-O-O {1-0 (28) Savchenko,B (2585)-Lugovskoy,M (2474) Sochi 2017}) 11... c5 12. Bb5 $146 Rg6 {The position is equal.} 13. Qh4 Rc8 14. c4 a6 15. Bxd7+ $1 Nxd7 16. Qxh7 (16. Qxd8+ $15 Rxd8 17. d5) 16... Nf6 $1 $17 {[%csl LRd4,LRh7][%cal Rf6h7]} 17. Qh8+ Rg8 18. Qh6 cxd4 {[%mdl 64] Discovered Attack} 19. Rd1 Rxc4 (19... e5 $1 $19 20. O-O Rxc4) 20. Qf4 Bc6 (20... Rxc2 $6 21. Bxd4 e3 22. Qxe3 $11) 21. O-O Ng4 $36 {[%mdl 2048] And now ...e5 would win. Black fights for an advantage.} 22. h3 $2 {[#]} ({Better is} 22. Nxe4 $15 e5 23. Qf5 Rxc2 24. h3 Bxe4 25. Qxe4 Rxb2 26. hxg4) 22... e5 $1 $19 {[%cal Re5f4]} 23. Qf5 Rg5 (23... Rxc2 24. Bxd4 (24. hxg4 Rg5 $15) 24... exd4 25. hxg4 $11) 24. Qh7 Nf6 (24... Rxc2 25. Bxd4 exd4 26. hxg4 $11) 25. Qh4 Rg6 {Threatens to win with ...e3.} 26. c3 d3 27. Nf5 $2 (27. Bc1) 27... Rxg2+ 28. Kh1 {[#]} Rg8 $2 (28... e3 $1 29. Qxc4 (29. fxe3 Rxb2+) 29... Bd5 30. Rxd3 Rxf2+ {[%mdl 64] Discovered Attack} 31. Rxd5 Qxd5+ 32. Qxd5 Rxf1+ 33. Kg2 Rf2+ {[%mdl 64] Double Attack} 34. Kg3 Nxd5 35. Nxe3 {[%mdl 64] Remove Defender} Nxe3 36. Kxf2 Nd1+ {[%mdl 64] Double Attack} 37. Kf3 Nxb2) 29. Ne3 Nd7 (29... Rc5 $19 {has better winning chances.} 30. Rg1 Ba4) 30. Qh7 $17 (30. Qxd8+ $2 Kxd8 31. Kh2 (31. Nxc4 $2 e3+ 32. f3 e2 $19 {[%mdl 64] Double Attack}) 31... Ra4 $19) 30... Nf6 (30... Rg6 $17 {...Qf6 is the strong threat.} 31. Qh8+ (31. Nxc4 $2 e3+ 32. f3 Qf6 $19) 31... Nf8) 31. Qh4 $1 $19 Nd7 (31... Rc5 $19 32. Rg1 Ba4) 32. Qh7 $1 $17 {[%cal Rh7g8]} (32. Qxd8+ $2 Kxd8 33. Kh2 (33. Nxc4 $2 e3+ 34. f3 e2 $19 {[%mdl 64] Double Attack}) 33... Rc5 $19) 32... Nf6 (32... Rg6 $17 {Strongly threatening ...Qf6.} 33. Qh8+ (33. Nxc4 $2 e3+ 34. f3 Qf6 $19) 33... Nf8) 33. Qh4 $1 $19 Nd7 34. Qh7 $1 {[%cal Rh7g8]} ({Wrong is} 34. Qxd8+ $2 Kxd8 35. Kh2 (35. Nxc4 $2 e3+ 36. f3 e2 $19 {[%mdl 64] Double Attack}) 35... Rc5 $19) 34... Nf6 (34... Rg6 $17 {White must now prevent ...Qf6.} 35. Qh8+ (35. Nxc4 $2 {loses.} e3+ 36. f3 Qg5 $19) 35... Nf8) 35. Qh4 $1 Nd7 $2 {Accuracy: White = 50%, Black = 49%.} ({Black should play} 35... Rc5 $19 36. Rg1 Ba4) 1/2-1/2

[Event "CZE-tht Extraliga 2018-19"]
[Site "Czech Republic"]
[Date "2019.01.13"]
[Round "6"]
[White "Mroziak, Maciej"]
[Black "Jakubowski, Krzysztof"]
[Result "1/2-1/2"]
[WhiteElo "2378"]
[BlackElo "2522"]
[Annotator "TA"]
[PlyCount "85"]
[EventDate "2018.11.03"]
[EventType "team-tourn"]
[EventCountry "CZE"]
[SourceTitle "playchess.com"]
[Source "ChessBase"]
[SourceQuality "1"]
[WhiteTeam "Cesky Tesin"]
[BlackTeam "Poruba"]

{[%evp 9,85,0,10,-3,19,0,14,10,8,10,15,8,34,30,34,29,42,22,42,24,30,32,41,21,53,8,20,8,0,0,24,0,0,0,52,12,12,10,10,0,57,46,53,20,122,107,114,110,109,78,77,78,132,19,23,10,9,18,64,20,34,0,0,0,0,0,0,0,0,0,0,0,0,0,0,0,0,0]} 1. e4 d6 2. d4 Nf6 3. Bd3 e5 4. dxe5 dxe5 5. h3 (5. Nf3 Nbd7 6. O-O Be7 7. Nbd2 c6 8. c3 O-O 9. Bc2 Qc7 10. Qe2 a5 11. Rd1 a4 12. Nf1 Nc5 13. Ng3 {½-½ (85) Bogdanovich,S (2590)-Dominguez Perez,L (2732) Berlin 2015}) 5... Bc5 6. Nf3 {B07: Pirc Defence: Miscellaneous Systems} Nbd7 $146 (6... Nc6 {is more complex.} 7. O-O a6 8. Nc3 Be6 9. Ng5 O-O) ({Predecessor:} 6... O-O 7. O-O Qe7 8. Bg5 h6 9. Bh4 Nbd7 10. Qe2 Re8 11. Nbd2 Nf8 12. Nc4 Ng6 13. Bg3 Nh5 14. Bh2 Nhf4 15. Qd2 Qf6 16. Ncxe5 Rxe5 17. Nxe5 Qxe5 18. Rfe1 Qg5 19. Bxf4 Nxf4 {0-1 (19) Hernandez Graterol,Z (2060)-Ostos,J (2332) Binissalem 2004}) 7. O-O O-O 8. Nbd2 Re8 9. Nc4 b6 10. Bd2 Bb7 11. b4 Bd6 12. Re1 Nf8 13. a4 {[%cal Ba2a4,Ba4a5][%mdl 32]} Ng6 14. a5 h6 15. Qb1 Qd7 16. Qb2 Nh5 17. axb6 axb6 18. Rxa8 Bxa8 19. Ra1 Nhf4 20. Bxf4 (20. Ra7 {is interesting.} Qe6 21. Nxd6 Qxd6 22. Qb3 Bc6 23. b5) 20... exf4 21. Qd4 {[#] Strongly threatening Rxa8!} Bc6 ({Better is} 21... Qe7 $11) 22. Nxd6 (22. Ra7 {feels hotter.} Bxb4 23. Qxd7 Bxd7 24. Rxc7 Ba4 25. Nb2) 22... Qxd6 23. Qxd6 cxd6 24. Ra6 Rb8 (24... Bxe4 $11 25. Bxe4 (25. Rxb6 Bxf3 26. gxf3 d5 $11) 25... Rxe4) 25. b5 $36 {[%mdl 2048] White fights for an advantage.} Be8 26. Bc4 Kf8 (26... Ne5 $11 {keeps the balance.} 27. Nxe5 dxe5) 27. Nd4 $16 Ne5 28. Bd5 g6 29. f3 Bd7 30. Ra7 Ke8 (30... Kg7 $142) 31. c4 (31. h4 $16) 31... Rc8 $11 32. Nc6 Bxc6 33. bxc6 {[%mdl 4096] Endgame KRB-KRN} g5 34. Rb7 Nxc6 35. Rxb6 Ne5 {The position is equal.} 36. Rxd6 Rb8 37. Rxh6 {[#] Hoping for Rh8+.} Rb1+ 38. Kf2 Rb2+ 39. Kf1 Rb1+ 40. Ke2 Rb2+ 41. Kf1 Rb1+ 42. Ke2 Rb2+ 43. Kf1 {Accuracy: White = 46%, Black = 45%.} 1/2-1/2

[Event "CZE-tht Extraliga 2018-19"]
[Site "Czech Republic"]
[Date "2019.01.13"]
[Round "6"]
[White "Sharashenidze, Akaki"]
[Black "Kawulok, Marek"]
[Result "1/2-1/2"]
[WhiteElo "2375"]
[BlackElo "2204"]
[Annotator "TA"]
[PlyCount "96"]
[EventDate "2018.11.03"]
[EventType "team-tourn"]
[EventCountry "CZE"]
[SourceTitle "playchess.com"]
[Source "ChessBase"]
[SourceQuality "1"]
[WhiteTeam "Poruba"]
[BlackTeam "Cesky Tesin"]

{[%evp 15,96,22,54,22,23,29,20,14,35,29,52,33,40,9,6,8,19,11,11,0,0,0,0,6,11,0,0,0,0,0,0,0,20,20,20,20,29,0,32,0,20,8,10,10,8,0,13,0,0,-69,-76,-61,0,0,0,0,0,0,0,0,0,0,0,0,0,0,0,0,0,0,0,0,0,0,0,0,0,0,0,0,0,0,0]} 1. e4 e5 2. Nf3 Nc6 3. Bc4 Bc5 4. c3 Nf6 5. d3 d6 6. Bb3 Bb6 7. Nbd2 {C54: Giuoco Piano: 4 c3 Nf6, main lines with 5 d4 and 5 d3} (7. a4 a6 8. Na3 Ne7 9. a5 Ba7 10. Bg5 Ng6 11. Nh4 Nxh4 12. Bxh4 h6 13. Nc2 Qe7 14. Qe2 c6 {0-1 (84) Rapport,R (2707)-Ma,Q (2637) China 2017}) 7... O-O 8. Nc4 Ne7 {LiveBook: 11 Games} 9. Nxb6 {White is slightly better.} axb6 10. Bg5 Ng6 11. Nh4 Nxh4 12. Bxh4 Qe7 $146 13. O-O h6 14. Qc1 g5 15. Bg3 Nh5 16. f3 Be6 17. Bf2 Nf4 18. Qd2 Bxb3 19. axb3 Qe6 20. c4 f5 21. Rxa8 Rxa8 22. Be3 fxe4 23. fxe4 c5 24. Qd1 Rf8 25. b4 Rf6 26. Rf2 {[%cal Bf1f2,Bf2a2,Ba2a8][%mdl 32]} Qf7 27. b3 Ne6 28. Ra2 Kg7 29. Ra8 h5 30. h3 Nf4 31. Ra7 Rg6 32. Kh2 ({White should play} 32. bxc5 $11 dxc5 33. Qf1) 32... g4 $15 {Threatens to win with ...gxh3.} 33. h4 Qe7 (33... g3+ $15 34. Kg1 Rg4) 34. g3 $11 {The position is equal.} Ne6 35. Ra2 Rf6 36. Rf2 Rxf2+ 37. Bxf2 Qf7 38. Kg2 Kg6 39. Be3 Nd8 40. b5 Ne6 41. Qf1 Qxf1+ 42. Kxf1 {[%mdl 4096] Endgame KB-KN} Kf6 43. Bd2 Ke7 44. b4 Nd4 45. Bc3 Kf7 46. bxc5 bxc5 47. Kf2 b6 48. Ke3 Nc2+ {Accuracy: White = 53%, Black = 64%.} 1/2-1/2

[Event "CZE-tht Extraliga 2018-19"]
[Site "Czech Republic"]
[Date "2019.01.13"]
[Round "6"]
[White "Jasny, Stanislav"]
[Black "Talla, Vladimir"]
[Result "1/2-1/2"]
[WhiteElo "2371"]
[BlackElo "2399"]
[Annotator "NA"]
[PlyCount "61"]
[EventDate "2018.11.03"]
[EventType "team-tourn"]
[EventCountry "CZE"]
[SourceTitle "playchess.com"]
[Source "ChessBase"]
[SourceQuality "1"]
[WhiteTeam "Beskydska"]
[BlackTeam "Ostrava"]
[TimeControl "40/5400+30:1800+30"]

1. d4 {[%emt 0:00:00]} d5 {[%emt 0:00:00]} 2. c4 {[%emt 0:00:00]} dxc4 {[%emt 0:00:27]} 3. e4 {[%emt 0:00:38]} Nc6 {[%emt 0:10:19]} 4. Nf3 {[%emt 0:03:28]} Bg4 {[%emt 0:03:08]} 5. d5 {[%emt 0:00:29]} Ne5 {[%emt 0:06:55]} 6. Bf4 {[%emt 0:00:23]} Ng6 {[%emt 0:04:31]} 7. Be3 {[%emt 0:01:46]} e6 {[%emt 0:15:11]} 8. Qa4+ {[%emt 0:06:32]} Qd7 {[%emt 0:00:20]} 9. Qxd7+ {[%emt 0:00:18]} Kxd7 {[%emt 0:00:02]} 10. Ng5 {[%emt 0:03:42]} Ne5 {[%emt 0:10:17]} 11. f4 {[%emt 0:37:09]} h6 {[%emt 0:01:27]} 12. fxe5 {[%emt 0:00:42]} hxg5 {[%emt 0:00:08]} 13. Bxc4 {[%emt 0:00:19]} f6 {[%emt 0:29:16]} 14. Nc3 {[%emt 0:07:39]} exd5 {[%emt 0:01:21]} 15. exd5 {[%emt 0:08:41]} fxe5 {[%emt 0:00:06]} 16. O-O {[%emt 0:02:48]} Nf6 {[%emt 0:00:06]} 17. Rac1 {[%emt 0:07:08]} a6 {[%emt 0:01:17]} 18. Bxg5 {[%emt 0:02:17]} Bc5+ {[%emt 0:00:15]} 19. Kh1 {[%emt 0:00:29]} Raf8 {[%emt 0:00:20]} 20. Bxf6 {[%emt 0:05:10]} gxf6 {[%emt 0:00:28]} 21. Ne4 {[%emt 0:00:05]} Be7 {[%emt 0:00:09]} 22. d6 {[%emt 0:03:53]} cxd6 {[%emt 0:00:53]} 23. Bd5 {[%emt 0:00:06]} Rc8 {[%emt 0:04:20]} 24. Bxb7 {[%emt 0:00:38]} Rxc1 {[%emt 0:00:07]} 25. Rxc1 {[%emt 0:00:04]} Rb8 {[%emt 0:00:15]} 26. Bxa6 {[%emt 0:01:36]} f5 {[%emt 0:02:38]} 27. Nf2 {[%emt 0:00:48]} Rxb2 {[%emt 0:00:31]} 28. Nxg4 {[%emt 0:00:38]} fxg4 {[%emt 0:00:06]} 29. Bc8+ {[%emt 0:00:04]} Ke8 {[%emt 0:00:19]} 30. Bxg4 {[%emt 0:01:22]} Rxa2 {[%emt 0:00:11]} 31. Bf3 {[%emt 0:01:43]} 1/2-1/2

[Event "CZE-tht Extraliga 2018-19"]
[Site "Czech Republic"]
[Date "2019.01.13"]
[Round "6"]
[White "Hollan, Martin"]
[Black "Caletka, Radomir"]
[Result "0-1"]
[WhiteElo "2368"]
[BlackElo "2285"]
[Annotator "TA"]
[PlyCount "140"]
[EventDate "2018.11.03"]
[EventType "team-tourn"]
[EventCountry "CZE"]
[SourceTitle "playchess.com"]
[Source "ChessBase"]
[SourceQuality "1"]
[WhiteTeam "Cesky Tesin"]
[BlackTeam "Poruba"]

{[%evp 11,140,8,14,-5,0,-2,-2,-88,-41,-91,26,20,15,2,67,25,35,35,22,27,71,55,75,63,48,65,33,21,42,14,30,26,37,22,92,93,85,79,100,75,84,61,94,76,93,87,114,0,97,78,66,0,0,0,50,-15,0,-122,-99,-127,42,0,0,0,0,0,0,-19,-16,-42,-15,-37,0,0,0,0,0,0,0,0,752,756,681,759,29985,29986,29986,29987,29987,29988,29988,1117,770,96,59,61,119,114,414,414,414,414,358,353,335,294,325,0,234,0,0,0,0,0,0,0,0,0,0,0,0,0,0,-29980,-29981,-29981,-29982,-29987,-29988,-29988,-29989]} 1. Nf3 Nf6 2. c4 b6 3. b3 Bb7 4. Bb2 e6 5. e3 d5 6. Nc3 {A13: English Opening: 1...e6} Bd6 {LiveBook: 11 Games} (6... Nbd7 7. d4 Bd6 8. Bd3 O-O 9. O-O a6 10. Rc1 Qe7 11. cxd5 exd5 12. Ne2 Ne4 13. Qc2 Rac8 14. Ng3 g6 15. Qe2 h5 16. Ne5 Nxe5 17. dxe5 Bxe5 18. Bxe5 Qxe5 19. Nxe4 dxe4 20. Bxa6 Bxa6 21. Qxa6 {½-½ (57) Harikrishna,P (2732)-Navara,D (2727) Prague 2018}) 7. Qc2 a6 8. cxd5 {The position is equal.} exd5 9. O-O-O $146 (9. d4 $11) ({Predecessor:} 9. d4 Nbd7 10. g3 Qe7 11. Bg2 O-O 12. O-O Rfe8 13. Ne2 {1-0 (44) Petrosyan,M (2581)-Haldorsen,B (2461) Manavgat 2018}) 9... Nbd7 10. Rg1 Qe7 (10... c5 $17) 11. g4 $11 O-O-O 12. g5 Ne8 (12... Ne4 $11) 13. h4 Ba3 14. Bxa3 Qxa3+ 15. Kb1 Nd6 16. Nd4 g6 17. Bg2 Qc5 18. d3 {[%cal Bd2d3,Bd3d4][%mdl 32]} Kb8 19. Qb2 Nc8 $1 20. Nf3 Qd6 21. d4 Qe6 22. Ne2 Ne7 (22... Qe7 $11 {keeps the balance.}) 23. Nf4 $16 Qd6 24. Bh3 Bc8 25. Ka1 Kb7 26. Ne5 Rhf8 27. h5 Nb8 28. Bg2 c6 29. e4 ({White should play} 29. b4 $16) 29... Be6 (29... f6 $11 30. gxf6 Qxf6) 30. Nxe6 fxe6 31. Ng4 (31. Rh1 $14) 31... Qf4 $11 32. Nf6 h6 33. e5 (33. Qa3 $14 Qc7 34. e5) 33... hxg5 34. Bh3 (34. h6 $11) 34... gxh5 $17 35. Bxe6 {Strongly threatening Qd2.} Rh8 $2 (35... Rxf6 $1 $17 36. exf6 Qxf6) 36. Qa3 Nf5 37. Bxf5 $1 Qxf5 38. Qe7+ Ka8 39. Qc7 b5 40. Rc1 Rc8 41. Qb6 g4 42. a4 $40 {[%mdl 128] axb5 is the strong threat. White has some attack.} b4 43. Qxb4 Qxf2 44. Rgf1 Qe3 45. Rce1 Qg5 $2 {[%mdl 8192] [#]} (45... Qh3 $11) 46. Nxd5 $1 $18 {[%mdl 512]} cxd5 47. Rf7 {[%csl Gf7][%cal Rb4b7]} Rc1+ 48. Kb2 {[%csl Gf7][%cal Rb4b7]} Rc2+ 49. Ka3 {[%csl Gf7][%cal Rb4b7]} Nd7 50. Rxd7 {[%csl Gd7][%cal Rb4b7]} Rb8 51. Qa5 (51. Qd6 $142 Rxb3+ 52. Kxb3 Rb2+ {[%mdl 64] Decoy} 53. Kxb2 Qd2+ 54. Kb3 Qd3+ 55. Kb4 Qd2+ 56. Kc5) 51... Qg6 52. Qxd5+ $2 (52. Rd6 $2 Rxb3+ $1 {[%mdl 512]} 53. Kxb3 Qd3+ 54. Kb4 Rc4#) (52. Rd8 $1 $18 {is the precise move to win. Hoping for e6.} Qe6 53. Rd6 {[%mdl 64] Double Attack} (53. Qxd5+ Qxd5 54. Rxd5 Rc3 $11)) 52... Qc6 $16 53. Qxc6+ Rxc6 $14 {[%mdl 4096] Endgame KRR-KRR} 54. Re3 {aiming for d5.} Rg6 $2 {[%mdl 8192]} (54... h4 $16) 55. e6 $18 {[%cal Be5e6,Be6e7][%mdl 32]} Rgg8 56. e7 $1 g3 57. Re6 {[%cal Re6a6]} Rbe8 58. Rxa6+ Kb8 59. Rad6 $2 (59. Rb6+ $1 $18 Ka8 60. Rg6 Rxg6 61. Rd8+ {[%mdl 64] Double Attack} Kb7 62. Rxe8) 59... Kc8 $2 (59... g2 $11 {and Black has nothing to worry.} 60. Rd8+ Kb7) 60. Ra7 $2 (60. a5 $1 $18 {[%cal Ra5a6] White wants to mate with a6.} g2 61. Rd8+ $1 {[%mdl 512]} Rxd8 62. exd8=Q+ (62. exd8=R+ Rxd8 63. Rc6+ Kb7 $16) 62... Rxd8 63. Rc6+ (63. Rg6 Rxd4 64. Rxg2 Rd5 $16) 63... Kb7 64. Rg6) 60... Kb8 ({Reject} 60... g2 $6 {[#]} 61. Rd8+ $1 {[%mdl 512]} Rxd8 62. exd8=Q+ (62. exd8=R+ Rxd8 63. Rg7 h4 $16) 62... Rxd8 63. Rg7 $16) 61. Rda6 g2 62. Ra8+ Kc7 63. R6a7+ Kd6 64. Rxe8 g1=Q {( -> ...Qa1+)} 65. Rd8+ Kc6 66. Ra6+ Kb7 67. Raa8 $2 {[%mdl 8192]} (67. Rad6 $11) 67... Qa1+ {Black mates.} 68. Kb4 Qe1+ {[%mdl 64] Double Attack} 69. Kc4 Qe2+ 70. Kb4 Qxe7+ {[%mdl 64] Double Attack. Accuracy: White = 44%, Black = 36%.} 0-1